| 000 | 01708nam0a2200337 4500 | ||
|---|---|---|---|
| 001 | RU\NLR\bibl\814814 | ||
| 005 | 20260405083029.0 | ||
| 021 |
_aRU _b2005-9738 _9506 |
||
| 035 | _a(NLR Aleph) 000803848 | ||
| 090 |
_a1198217 _c1198217 |
||
| 100 | _a20050704d2004 |||y0rusy50 ca | ||
| 101 | 0 |
_arus _deng |
|
| 102 | _aRU | ||
| 105 | _aa ||||||||| | ||
| 200 | 1 |
_aМногоанодный ФЭУ для оптической диагностики пучка на каллайдере ВЭПП-4М _fВ.Ф. Гурко, А.Н. Журавлев, П.В. Зубарев [и др.] |
|
| 210 |
_aНовосибирск _cИнститут ядерной физики _d2004 |
||
| 215 |
_a14 с. _cил. _d20 |
||
| 225 | 1 |
_aНаучно-исследовательское учреждение Институт ядерной физики им. Г.И. Будкера СО РАН _vИЯФ 2004-81 |
|
| 300 | _aРез. на англ. яз. | ||
| 320 | _aБиблиогр.: с. 14 (4 назв.) | ||
| 606 | 1 |
_aВЭПП-4М, ускорители заряженных частиц со встречными пучками _xКоллайдеры _92202918 _3RU\NLR\auth\661323689 |
|
| 606 | 1 |
_aВЭПП-4М, ускорители заряженных частиц со встречными пучками _xФотоэлектронные умножители _92395790 _3RU\NLR\auth\661428445 |
|
| 686 | _aВ381.14 | ||
| 701 | 1 |
_aГурко _bВ. Ф. _4070 |
|
| 701 | 1 |
_4070 _8rus _7ca _aЖуравлев _bА. Н. _cфизик-ядерщик _3RU\NLR\AUTH\7729570 _912599 |
|
| 701 | 1 |
_aЗубарев _bП. В. _4070 |
|
| 801 | 0 |
_aRU _bNLR _c20050704 _grcr |
|
| 801 | 1 |
_aRU _bNLR _c20050704 |
|
| 942 | _cBOOK | ||
| 980 | _aNB | ||